The wealth and poverty of regions : (Record no. 17762)
[ view plain ]
| 000 -LEADER | |
|---|---|
| fixed length control field | 01039aam a2200289 a 4500 |
| 001 - CONTROL NUMBER | |
| control field | 015380261 |
| 003 - CONTROL NUMBER IDENTIFIER | |
| control field | OSt |
| 005 - DATE AND TIME OF LATEST TRANSACTION | |
| control field | 20131114112320.0 |
| 008 - FIXED-LENGTH DATA ELEMENTS--GENERAL INFORMATION | |
| fixed length control field | 090512s2009 ilu b 001 0 eng c |
| 020 ## - INTERNATIONAL STANDARD BOOK NUMBER | |
| International Standard Book Number | 9780226673158 (hbk.) : |
| 020 ## - INTERNATIONAL STANDARD BOOK NUMBER | |
| International Standard Book Number | 0226673154 (hbk.) : |
| 040 ## - CATALOGING SOURCE | |
| Original cataloging agency | StDuBDS |
| Language of cataloging | eng |
| Transcribing agency | StDuBDS |
| Modifying agency | Uk |
| 082 00 - DEWEY DECIMAL CLASSIFICATION NUMBER | |
| Classification number | 330.91732 |
| Edition number | 22 |
| Item number | POL |
| 100 1# - MAIN ENTRY--PERSONAL NAME | |
| Personal name | Polèse, Mario, |
| Dates associated with a name | 1943- |
| 9 (RLIN) | 34466 |
| 245 14 - TITLE STATEMENT | |
| Title | The wealth and poverty of regions : |
| Remainder of title | why cities matter / |
| Statement of responsibility, etc | Mario Polèse. |
| 260 ## - PUBLICATION, DISTRIBUTION, ETC. (IMPRINT) | |
| Place of publication, distribution, etc | Chicago, Ill. : |
| Name of publisher, distributor, etc | University of Chicago Press ; |
| Place of publication, distribution, etc | Bristol : |
| Name of publisher, distributor, etc | University Presses Marketing [distributor], |
| Date of publication, distribution, etc | 2009. |
| 300 ## - PHYSICAL DESCRIPTION | |
| Extent | xiii, 254 p. : |
| Other physical details | ill. ; |
| Dimensions | 20 cm. |
| 504 ## - BIBLIOGRAPHY, ETC. NOTE | |
| Bibliography, etc | Includes bibliographical references (p. [241]-249) and index. |
| 650 #0 - SUBJECT ADDED ENTRY--TOPICAL TERM | |
| Topical term or geographic name as entry element | Urban economics. |
| 9 (RLIN) | 17758 |
| 650 #0 - SUBJECT ADDED ENTRY--TOPICAL TERM | |
| Topical term or geographic name as entry element | Regional economics. |
| 9 (RLIN) | 27446 |
| 650 #0 - SUBJECT ADDED ENTRY--TOPICAL TERM | |
| Topical term or geographic name as entry element | Regional economic disparities. |
| 9 (RLIN) | 34467 |
| 650 #0 - SUBJECT ADDED ENTRY--TOPICAL TERM | |
| Topical term or geographic name as entry element | Wealth. |
| 9 (RLIN) | 22963 |
| 650 #0 - SUBJECT ADDED ENTRY--TOPICAL TERM | |
| Topical term or geographic name as entry element | Economic development. |
| 9 (RLIN) | 34468 |
| 650 #0 - SUBJECT ADDED ENTRY--TOPICAL TERM | |
| Topical term or geographic name as entry element | Human geography. |
| 9 (RLIN) | 34469 |
| 653 ## - INDEX TERM--UNCONTROLLED | |
| Resource For college | |
| Arrived date list | November2013 |
| 942 ## - ADDED ENTRY ELEMENTS (KOHA) | |
| Source of classification or shelving scheme | Dewey Decimal Classification |
| Item type | Book - Borrowing |
| Call number prefix | 330.91732 POL |
| Withdrawn status | Item status | Source of classification or shelving scheme | Damaged status | Not for loan | Vendor | Home library | Current library | Shelving location | Date acquired | Source of acquisition | Total Checkouts | Full call number | Barcode | Date last seen | Date last borrowed | Koha item type | Total Renewals |
|---|---|---|---|---|---|---|---|---|---|---|---|---|---|---|---|---|---|
| Dewey Decimal Classification | Baccah | Central Library | Central Library | First floor | 14/11/2013 | 1 | 330.91732 POL | 000035085 | 15/07/2025 | 04/05/2016 | Book - Borrowing | ||||||
| Dewey Decimal Classification | Baccah | Central Library | Central Library | First floor | 14/11/2013 | 2 | 330.91732 POL | 000035086 | 15/07/2025 | 03/05/2016 | Book - Borrowing | 1 | |||||
| Dewey Decimal Classification | Baccah | Central Library | Central Library | First floor | 14/11/2013 | 330.91732 POL | 000035087 | 15/07/2025 | Book - Borrowing |